000
00175nam a2200073Ia 4500
008
170524s9999 xx 000 0 und d
100
_a
SAHU
245
0
_a
SALESMANSHIP AND SALES MANAGEMENT
260
_b
HIMALAYA
999
_c
7941
_d
7941